Famous unnatural deaths Quiz Stats

 Plays Quiz not verified by Sporcle

Challenge
Share
Tweet
Embed
Score 0/33 Timer 07:00
0 Plays Today
% Correct
Adolf Hitler
87.7%
John Lennon
86.8%
Joan of Arc
86.3%
Steve Irwin
85.8%
Abraham Lincoln
84.9%
Elvis Presley
84.4%
Amy Winehouse
84%
John F Kennedy
84%
Julius Caesar
84%
Kurt Cobain
82.5%
Che Guevara
82.5%
Archduke Franz Ferdinand
82.5%
Heath Ledger
78.8%
Dodi Al-Fayed
78.3%
Buddy Holly
75.5%
Martin Luther King
74.1%
Admiral Nelson
73.6%
% Correct
Rasputin
72.6%
Lee Harvey Oswald
72.2%
Marilyn Monroe
72.2%
Jimi Hendrix
71.7%
Tupac Shakur
70.3%
Anne Boleyn
68.9%
River Phoenix
67%
Dianne Fossey
67%
Yuri Gagarin
65.1%
Leon Trotsky
64.6%
Ayrton Senna
64.2%
Michael Hutchence
61.8%
Guy Fawkes
60.8%
Glen Miller
54.7%
Jill Dando
48.6%
Dan Wheldon
42.5%

You're not logged in!

Compare scores with friends on all Sporcle quizzes.
OR
Log In

You Might Also Like...

Show Comments

Extras

Top Quizzes Today


Score Distribution

Your Account Isn't Verified!

In order to create a playlist on Sporcle, you need to verify the email address you used during registration. Go to your Sporcle Settings to finish the process.

Report this User

Report this user for behavior that violates our Community Guidelines.

Details: